Piaget e a escola de Genebra.

Uloženo v:
Podrobná bibliografie
Hlavní autor: Banks Leite, Luci (autor)
Další autoři: Medeiros, Ana Augusta de (autor) (autor)
Médium: Kniha
Jazyk:portugalština
Témata:
Tagy: Přidat tag
Žádné tagy, Buďte první, kdo vytvoří štítek k tomuto záznamu!

MARC

LEADER 00000cam^a2200000uu^4500
001 000472885
005 20250521000000.0
008 050901s1987^^^^^^^^^^^^rd^r^^000^0^por^d
009 20260526150152.813
022 |a 85249010004 
035 |a FCE 000015712 
035 |a FCE 010690 
037 |a Acervo ITESO - Biblioteca 
041 |a POR 
082 0 4 |a 155.7  |b BANp 
100 |a Banks Leite, Luci  |e (autor) 
245 1 0 |a Piaget e a escola de Genebra. 
264 |a Sao Paulo :  |b Cortez,  |c 1987. 
300 |a 206 p. 
336 |a texto  |b txt  |2 rdacontenido 
337 |a sin mediación  |b n  |2 rdamedio 
338 |a volumen  |b nc  |2 rdasoporte 
649 |a XX 
650 |a Piaget, Jean 
650 |a Epistemología 
650 |a Psicología genética 
650 |a Psicología de la educación 
650 |a Educación preescolar 
650 |a Brasil 
700 |a Medeiros, Ana Augusta de  |e (autor) 
910 |a Fondo Centro de Estudios Educativos 
920 |a Impresos - Libros 
930 |a Fondos Especiales 
905 |a 133 
901 |a ALE010690  |b IT2  |c CEE  |u 20250521 
902 |a https://opac.biblio.iteso.mx/vufind/Record/000472885